Что такое трение: очерки о природе трения

Библиографические подробности
Главный автор: Дерягин Б. В.
Автор-организация: Академия наук СССР (АН СССР) Институт физической химии
Язык:русский
Опубликовано: Москва, Изд-во Академии наук СССР, 1952
Серии:Научно-популярная серия
Предметы:
Формат: Книга
Запись в KOHA:https://koha.lib.tpu.ru/cgi-bin/koha/opac-detail.pl?biblionumber=110634

MARC

LEADER 00000nam0a2200000 4500
001 110634
005 20231031120527.0
035 |a (RuTPU)RU\TPU\book\119478 
090 |a 110634 
100 |a 20070227d1952 m y0rusy50 ca 
101 0 |a rus 
102 |a RU 
105 |a a z 001zy 
200 1 |a Что такое трение  |e очерки о природе трения  |f Б. В. Дерягин  |g Академия наук СССР (АН СССР), Институт физической химии 
210 |a Москва  |c Изд-во Академии наук СССР  |d 1952 
215 |a 244 с.  |c ил. 
225 1 |a Научно-популярная серия 
320 |a Библиогр.: с. 242. 
610 1 |a физика 
610 1 |a трение 
610 1 |a внутреннее трение 
610 1 |a внешнее трение 
610 1 |a смазка 
610 1 |a очерки 
675 |a 539.62  |v 3 
700 1 |a Дерягин  |b Б. В. 
712 0 2 |a Академия наук СССР (АН СССР)  |b Институт физической химии  |c (Москва)  |2 stltpush  |3 (RuTPU)RU\TPU\col\11504 
801 1 |a RU  |b 63413507  |c 20070227  |g PSBO 
801 2 |a RU  |b 63413507  |c 20080609  |g PSBO 
942 |c BK